| 000 -CABECERA |
| Longitud fija campo de control |
01257nam a2200313 i 4500 |
| 001 - NÚMERO DE CONTROL |
| Número de control |
.b75151571 |
| 003 - IDENTIFICADOR DEL NÚMERO DE CONTROL |
| Identificador del número de control |
OSt |
| 005 - FECHA Y HORA DE LA ÚLTIMA TRANSACCIÓN |
| Fecha y hora de la última transacción |
20240222175045.0 |
| 008 - CÓDIGOS DE INFORMACIÓN DE LONGITUD FIJA |
| Códigos de información de longitud fija |
210318s2020----spca| ||| ||| 000 0|cat |
| 017 ## - NÚMERO DE COPYRIGHT O DE DEPÓSITO LEGAL |
| Número de copyright o de depósito legal |
DL B 21350-2020 |
| Agencia que asigna el número |
Biblioteca de Catalunya |
| 020 ## - NÚMERO INTERNACIONAL NORMALIZADO PARA LIBROS |
| Número Internacional Normalizado para Libros (ISBN) |
9788409251469 |
| 040 ## - FUENTE DE LA CATALOGACIÓN |
| Centro catalogador de origen |
ES-BaUAB |
| Lengua de catalogación |
cat |
| Normas de descripción |
rda |
| Centro transcriptor |
ES-BaUAB |
| 043 ## - CÓDIGO DE ÁREA GEOGRÁFICA |
| Código de área geográfica |
e-sp--- |
| Código local GAC |
e-spc-- |
| Fuente del código local |
catmarc |
| 080 ## - NÚMERO DE LA CLASIFICACIÓN DECIMAL UNIVERSAL |
| Número de la Clasificación Decimal Universal |
070:331 |
| 245 00 - MENCIÓN DE TÍTULO |
| Título |
Sindicalisme periodístic : |
| Resto del título |
130 anys d'activisme laboral i professional en el periodisme català / |
| Mención de responsabilidad, etc. |
[coordinació: Francesc Ràfols] |
| 264 #1 - PRODUCCIÓN, PUBLICACIÓN , DISTRIBUCIÓN, FABRICACIÓN Y COPYRIGHT |
| Lugar de producción, publicación, distribución, fabricación |
Barcelona : |
| Nombre del productor, editor, distribuidor, fabricante |
Sindicat de Periodistes de Catalunya, |
| Fecha de de producción, publicación, distribución, fabricación o copyright |
2020 |
| 300 ## - DESCRIPCIÓN FÍSICA |
| Extensión |
104 pàgines : |
| Otras características físicas |
il·lustracions ; |
| Dimensiones |
30 cm |
| 530 ## - NOTA DE FORMATO FÍSICO ADICIONAL DISPONIBLE |
| Nota de formato físico adicional disponible |
També publicat en línia |
| 610 24 - PUNTO DE ACCESO ADICIONAL DE MATERIA - NOMBRE DE ENTIDAD CORPORATIVA |
| Nombre de entidad corporativa o nombre de jurisdicción como elemento inicial |
Sindicat de Periodistes de Catalunya |
| 650 04 - PUNTO DE ACCESO ADICIONAL DE MATERIA - TÉRMINO DE MATERIA |
| Término de materia o nombre geográfico como elemento inicial |
Periodistes |
| Subdivisión de materia general |
Sindicats |
| Subdivisión geográfica |
Catalunya |
| 650 04 - PUNTO DE ACCESO ADICIONAL DE MATERIA - TÉRMINO DE MATERIA |
| Término de materia o nombre geográfico como elemento inicial |
Periodisme |
| Subdivisión de materia general |
Aspectes socials |
| 700 1# - PUNTO DE ACCESO ADICIONAL - NOMBRE DE PERSONA |
| Nombre de persona |
Ràfols, Francesc, |
| Término indicativo de función |
coordinador |
| 710 2# - PUNTO DE ACCESO ADICIONAL - NOMBRE DE ENTIDAD |
| Nombre de entidad o nombre de jurisdicción como elemento inicial |
Sindicat de Periodistes de Catalunya, |
| Término indicativo de función |
entitat editora |
| 830 #0 - PUNTO DE ACCESO ADICIONAL DE SERIE - TÍTULO UNIFORME |
| Título uniforme |
Documents, estudis i informes |
| 856 41 - LOCALIZACIÓN Y ACCESO ELECTRÓNICO |
| Nota pública |
Accés lliure |
| Identificador Uniforme del Recurso (URI) |
<a href="https://sindicatperiodistes.cat/wp-content/uploads/2021/02/sindicalisme-periodistic26.pdf">https://sindicatperiodistes.cat/wp-content/uploads/2021/02/sindicalisme-periodistic26.pdf</a> |
| 907 ## - ELEMENTO G DATOS LOCALES, GDL (RLIN) |
| a |
.b75151571 |
| b |
18-03-21 |
| c |
18-03-21 |
| d |
18-03-21 |
| e |
m |
| f |
a |
| g |
- |
| h |
cat |
| i |
spc |
| j |
0 |
| k |
0 |
| 940 ## - |
| T&íacute;tulo uniforme |
<a href="UAB">UAB</a> |
| 942 ## - ENTRADA DE ELEMENTOS AGREGADOS (KOHA) |
| Fuente de clasificaión o esquema |
|
| Koha [por defecto] tipo de item |
Monografies |